000 00941nam a2200277 i 4500
003 DO-SdBNP
005 20250602102059.0
007 ta
008 250602b2024 dr ||||| |||| 00| 0 spa d
020 _a9789945509502
040 _aDO-SdBNP
_bspa
_cBNPHU
_erda
082 _axxx
_bL925
_222
100 1 _aLozano, Wilfredo
_d1950-
_eautor
_4aut.
_97126
245 1 0 _aSocialdemocracia y acción de masas :
_bPeña Gómez en la construcción de la democracia dominicana /
_cWilfredo Lozano
264 1 _aSanto Domingo :
_bFundación Friedrich Ebert Stiftung,
_c2024.
300 _a19 páginas :
_c30 cm.
336 _atexto
_btxt
_2rdacontent
337 _asin mediación
_bn
_2rdamedia
338 _avolumen
_bnc
_2rdacarrier
490 1 _aDemocracia y derechos humanos
490 1 _aAnalisis
500 _aIncluye datos biografícos del autor en la página 21.
590 _aInventariado, 2025/ YL
910 _aYLockward
942 _2ddc
_cLF2
999 _c58446
_d58446